Sports Quiz

Random Sports or Football Quiz
Score 0/28 Timer 03:00
0 Plays Today
Yardage RB % Correct
1,203Emmitt Smith (31)
92.3%
1,397Emmitt Smith (30)
92.3%
1,551Walter Payton (31)
89.6%
1,333Walter Payton (32)
89.6%
1,684Walter Payton (30)
89.6%
1,491Barry Sanders (30)
88.8%
1,662Tiki Barber (31)
88.3%
1,860Tiki Barber (30)
88.1%
1,697Curtis Martin (31)
81.8%
1,308Curtis Martin (30)
81.5%
1,420Priest Holmes (30)
74%
1,635Corey Dillon (30)
66.9%
1,202Fred Taylor (31)
66.5%
1,146Fred Taylor (30)
65.2%
Yardage RB % Correct
1,402Thomas Jones (31)
62.3%
1,312Thomas Jones (30)
62%
1,347John Riggins (34)
59.9%
1,239John Riggins (35)
59.9%
1,153John Riggins (30)
59.9%
1,485Adrian Peterson (30)
57.1%
1,416Warrick Dunn (30)
53.9%
1,189Tony Dorsett (30)
53.3%
1,307Tony Dorsett (31)
53.1%
1,199Willis McGahee (30)
38.7%
1,242Ricky Watters (31)
38.3%
1,206Garrison Hearst (30)
38.3%
1,210Ricky Watters (30)
38.1%
1,239James Brooks (31)
12.6%

You're not logged in!

Compare scores with friends on all Sporcle quizzes.
OR
Log In

Sporcle TV

Today on Sporcle TV


Watch our educational content, quiz creation guides, and fun videos on Sporcle TV.

Show Comments

Extras

Top Quizzes Today


Score Distribution

Paid Content

Your Account Isn't Verified!

In order to create a playlist on Sporcle, you need to verify the email address you used during registration. Go to your Sporcle Settings to finish the process.

Report this User

Report this user for behavior that violates our Community Guidelines.

Details: